• 首页
  • 本馆介绍
  • 公告通知
  • 最新文献
  • 馆藏检索
  • 电子资源
  • 读者导购
  • 参考咨询
  • 我的图书馆
  • 登录
  • 详细信息显示
  • 放入我的书架
  • 预约/预借图书
  • 作者相关作品
  • 分类相关作品
  • 丛书相关作品
  • 出版社相关作品

书目信息

  • 表格格式
  • 工作单格式
  • 卡片格式
题名:
列宁论国民教育
    
 
作者: 列宁 著
分册:  
出版信息: 北京   人民教育出版社  1950.04
页数: 522页
开本: 20cm
丛书名:
单 册:
中图分类: A22
科图分类:
主题词: 列字著作--单行本
电子资源:
ISBN:
000 00627nam0 2200217 450
001 0835000980
005 20081015094559.84
010    @dCNY2.10
091    @a7012.366
100    @a20081015d1950 km y0chiy0120 ea
101 0  @achi
102    @aCN@b110000
200 1  @a列宁论国民教育@Alie ning lun guo min jiao yu@e论文和讲演@f列宁著@Flie ning zhu
210    @a北京@c人民教育出版社@d1950.04
215    @a522页@d20cm
517 1  @a论文和讲演@Alun wen he jiang yan
606 0  @a列字著作@x单行本
690    @aA22@v4
701  0 @a列宁@Alie ning@4著
801  0 @aCN@b大连网信软件有限公司图书馆·11@c20081015
905    @aBZT@dA22@e30
    
    列宁论国民教育:论文和讲演/列宁著.-北京:人民教育出版社,1950.04
    522页;20cm
    
    
    ISBN :CNY2.10
    
●
相关链接 在五车中查询图书 在当当中查询图书 在豆瓣中查询图书


正题名:列宁论国民教育     索取号:A22/30         预约/预借

序号 登录号 条形码 馆藏地/架位号 状态 备注
1 035100   201231577   中心书库南/001架A面2层2列/ [索取号:A22/30] 在馆    
山东省滨州职业学院图书馆 欢迎您!
大连网信软件有限公司© 版权所有